000 00520nam a2200193Ia 4500
008 101110s9999 xx 000 0 und d
041 _aENGLISH
082 _bSR21778
100 _aSkoog, West, Holler
245 _aFundamentals of Analytical Chemistry 7th ed.
365 _b723
520 _aChemistry
546 _aENGLISH
630 _aFundamentals of Analytical Chemistry 7th ed.
650 _aChemistry
655 _aChemistry
730 _aFundamentals of Analytical Chemistry 7th ed.
942 _cBOOK
999 _c814617
_d814614